| 000 | 01876nam a2200433 a 4500 | ||
|---|---|---|---|
| 003 | BLK | ||
| 005 | 20230711085237.0 | ||
| 008 | 180410b bul|||||r ||||||| ||bul|| | ||
| 010 | _aKNG00163732000 | ||
| 040 | _aBLK | ||
| 041 |
_aBUL _cBUL |
||
| 080 |
_aМузиканти-творци, композитори _b78.071.1 _x430)(092) _z78.071.1430)(092) |
||
| 080 |
_aНемски оперетен композитор _b929 Лехар, Франц _z929 Лехар, Франц |
||
| 100 | 1 |
_aШнайдерайт, Ото _eпърви автор _9143827 |
|
| 139 |
_aШнайдерайт, Ото _bЛ 51 |
||
| 245 | 1 | 0 |
_aЖивот в документи _bБиогр. на Франц Лехар _cОто Шнайдерайт; прев. от нем. Ивета Милева; предг. от Елена Тончева. |
| 257 | _aDEU | ||
| 260 |
_bМузика _c1990 _aСофия |
||
| 300 |
_a312 с. _bс ил., портр. _c20 см |
||
| 380 | _a7 | ||
| 490 | _aКниги за бележити музиканти | ||
| 500 | _aОриг. загл. Franz Lehar / Otto Schineidereit. - Кор загл. Франц Лехар. - Библиогр. с. 298-310. - Именен показалец. | ||
| 600 | 1 | 4 |
_aЛехар, Франц _988596 |
| 650 | 4 |
_aКомпозитори - биографии _9246095 |
|
| 651 | 4 |
_aГермания _9178754 |
|
| 653 | _aФранц Лехар | ||
| 653 | _aкомпозитори | ||
| 653 | _aбиографии | ||
| 653 | _aГермания | ||
| 700 | 1 |
_aМилева, Ивета _eпрев. от нем. _9368858 |
|
| 700 | 1 |
_aТончева, Елена _9377543 |
|
| 852 |
_aЦб 163076 _bЦб |
||
| 856 | 4 | _qpdf | |
| 856 | 4 | _qpdf | |
| 942 |
_cKNG _n0 |
||
| 944 |
_aCR _c25.07.2014 _l25.07.2014 - от С1,Р / 25.07.2014 _kИрена_Линкова |
||
| 944 |
_aED _c11.07.2023 _kир |
||
| 999 |
_c156885 _d156885 |
||
| 999 | _d156885 | ||